| 000 | 00000nas 2200000za 4500 |
| 001 | 9.515058 |
| 003 | CaOODSP |
| 005 | 20200622093914 |
| 007 | ta |
| 008 | 150406d20022002onc u m #||||f| |0eng|d |
| 040 | |aCaOODSP|beng |
| 043 | |an-cn--- |
| 086 | 1 |aCP32-78E |
| 110 | 1 |aCommission on the Future of Health Care in Canada. |
| 245 | 10|aIssue/survey Paper / |cprepared by the Canadian Health Services Research Foundation, for the Commission on the Future of Health Care in Canada. |
| 260 | |aOttawa : |bThe Commission,|c2002. |
| 500 | |a"Each of our nine documents follows an identical format. We begin by briefly summarizing a particular health issue. Next, we identify three possible courses of action to address the issue and their respective pros and cons. Last, we ask you to complete a brief survey relating to the courses of action... the survey questions are included on the final pages of this document... You can also complete the survey on-line through our interactive website at: www.healthcarecommission.ca."--Page 1. |
| 563 | |aSoftcover |
| 690 | 07|aCommissions of inquiry|2gcpds |
| 690 | 07|aHealth care system|2gcpds |
| 710 | 2 |aCanadian Health Services Research Foundation. |
| 775 | 08|tDocument d'information/de Sondage / |w(CaOODSP)9.513394 |
| 776 | 0#|tIssue/survey paper |w(CaOODSP)9.507043 |